Представление документа в формате RUSMARC

ПолеНазваниеЗначение
  Тип записи a
  Библиографический уровень m
001 Контрольный номер RU/УОНБ/EK_N/419435319
005 Дата корректировки 20240131001051.4
010 Индекс ISBN __
9 Тираж 5000 экз.
013 Номер (ISMN) __
d Цена 80 к.
071 Издательские номер (звукозапись и ноты) 21
a Номер, присвоенный агентством 10325
100 Данные общей обработки __
a Данные общей обработки 20130416d1979 u y0rusy0189||||ca
101 Язык документа 0_
a Язык текста rus
f Язык титульного листа rus
102 Страна публикации __
a Страна публикации RU
105 Кодированные данные (монография) __
a Кодированные данные (монография) y###||||000|y
125 Кодированные данные звукозаписи и нотных изданий __
a Форма изложения нотного текста а|
128 Кодированные данные (звукозаписи-физические характеристики) __
a Кодированные данные: Музыкальная форма и тональность или лад zz
b Инструменты или голоса, необходимые для ансамблей (устаревшее) kt||
200 Заглавие и сведения об ответственности 1_
a Заглавие Вып. 10
f Первые сведения об ответственности сост. В. Розанов
210 Выходные данные 1_
d Дата издания 1979
215 Физическое описание __
a Объем 123 c.
327 Примечание о содержании 11
a Примечание о содержании Содерж. : Подуй, подуй, бурь-погодушка ; Запрягу я тройку борзых : рус. нар. песни / обраб. Е. Рузаева. - Нiч яка мiсячна : укр. нар. песня / обраб. А. Сударикова. - Там русалочка бежала : белорус. нар песня / обраб. П. Шашкина. - Бах И. С. Фуга / перелож. В. Розанова. - Рамо Ж. - Мотль Ф. Три пьесы : Менуэт ; Мюзет ; Тамбурин / перелож. А. Толмачева. - Штраус И. Вечное движение / перелож. И. Шепельского. - Аренский А. Сочувствие / перелож. В. Розанова. - Глазунов А. Гавот из балета "Барышня-служанка" / перелож. Г. Тышкевича. - Хачатурян А. Танец египетской танцовщицы из балета "Спартак" / перелож. А. Егорова. - Хренников Т. Антракт из оперетты "Сто чертей и одна девушка" / перелож В. Розанова. - Бирнов Л. Инвенция на болгарскую народную тему. - Розанов В. Пьеса. - Зацарный Ю. Сибирская матаня. - Кузнецов Е. Ивушка : хоровод. - Ризоль Н. Фантазия на темы русских народных песен.
461 Уровень набора _0
1 001RU/УОНБ/EK_N/418918422
1 200
a Ансамбли баянов
b [Ноты]
v Вып. 10
1 210
a М.
c Музыка
d [197-] -
464 Аналитический уровень _0
1 2001
a Подуй, подуй, бурь-погодушка
e рус. нар. песня
e [для дуэта баянов]
1 702 1
a Рузаев
b Е.
4 030
464 Аналитический уровень _0
1 2001
a Запрягу я тройку борзых
e рус. нар. песня
e [для дуэта баянов]
1 702 1
a Рузаев
b Е.
4 030
464 Аналитический уровень _0
1 2001
a Нiч яка мiсячна
e укр. нар. песня
e [для дуэта баянов]
1 702 1
a Судариков
b А.
4 030
464 Аналитический уровень _0
1 2001
a Там ручалачка бяжала
e белорус. нар. песня
e [для дуэта баянов]
1 702 1
a Шашкин
b П.
4 030
464 Аналитический уровень _0
1 2001
a Фуга
e [для квартета баянов]
1 700 1
a Бах
b И. С.
1 702 1
a Розанов
b В.
4 030
464 Аналитический уровень _0
1 2001
a Менуэт
e [для трио баянов]
1 700 1
a Рамо Ж.-Мотль Ф.
1 702 1
a Толмачев
b А.
4 030
464 Аналитический уровень _0
1 2001
a Мюзет
e [для трио баянов]
1 700 1
a Рамо Ж.-Мотль Ф.
1 702 1
a Толмачев
b А.
4 030
464 Аналитический уровень _0
1 2001
a Тамбурин
e [для трио баянов]
1 700 1
a Рамо Ж.-Мотль Ф.
1 702 1
a Толмачев
b А.
4 030
464 Аналитический уровень _0
1 2001
a Вечное движение
e [для трио баянов]
1 700 1
a Штраус
b И.
1 702 1
a Шепельский
b И.
4 030
464 Аналитический уровень _0
1 2001
a Сочувствие
e [для трио баянов]
1 700 1
a Аренский
b А.
1 702 1
a Розанов
b В.
4 030
464 Аналитический уровень _0
1 2001
a Гавот
e из балета "Барышня-служанка"
e [для трио баянов]
1 700 1
a Глазунов
b А.
1 702 1
a Тышкевич
b Г.
4 030
1 50010
a Барышня-служанка
464 Аналитический уровень _0
1 2001
a Танец египетской танцовщицы
e из балета "Спартак"
e [для дуэта баянов]
1 700 1
a Хачатурян
b А.
1 702 1
a Егоров
b А.
4 030
1 50010
a Спартак
464 Аналитический уровень _0
1 2001
a Инвенция на болгарскую народную тему
e [для квартета баянов]
1 700 1
a Бирнов
b Л.
464 Аналитический уровень _0
1 2001
a Пьеса
e [для дуэта баянов]
1 700 1
a Розанов
b В.
464 Аналитический уровень _0
1 2001
a Сибирская матаня
e [для дуэта баянов]
1 700 1
a Зацарный
b Ю.
464 Аналитический уровень _0
1 2001
a Ивушка
e хоровод
e [для дуэта баянов]
1 700 1
a Кузнецов
b Е.
464 Аналитический уровень _0
1 2001
a Фантазия на темы русских народных песен
e [для дуэта баянов, альта, педального баса, баса или баритона]
1 700 1
a Ризоль
b Н.
512 Заглавие обложки 1_
a Заглавие обложки Ансамбли баянов
606 Тематические рубрики 0_
a Основная рубрика Ансамбли баянов
610 Ключевые слова 0_
a Ключевые слова ансамбли баянов
686 Индексы других классификаций __
a Классификационный индекс 85.952.456я43
2 Код системы rubbk
702 Вторичная интеллектуальная ответственность _1
a Фамилия Розанов
b Имя (инициалы) В.
4 Код отношения 220
801 Источник записи _0
a Страна RU
b Организация Ульяновская ОНБ
c Дата составления 20130416
g Правила каталогизации RCR
801 Источник записи _1
a Страна RU
b Организация Ульяновская ОНБ
c Дата составления 20130416
g Правила каталогизации RCR
901 Тип документа __
t Тип документа n
w Контрольный № источника RU/УОНБ/EK_N/418918422
909 Создатель записи __
a Создатель записи Никитина Т. А.
938 Служебная информация __
a Имя БД noti
b Имя библиотеки УОНБ
c Имя АИБС МАРК-SQL
d Номер DOC_ID в БД 11241